<?xml version="1.0" encoding="UTF-8"?>
<record
    xmlns:xsi="http://www.w3.org/2001/XMLSchema-instance"
    xsi:schemaLocation="http://www.loc.gov/MARC21/slim http://www.loc.gov/standards/marcxml/schema/MARC21slim.xsd"
    xmlns="http://www.loc.gov/MARC21/slim">

  <leader>02243cam a22002533a 4500</leader>
  <controlfield tag="001">18734</controlfield>
  <controlfield tag="003">PGUSA</controlfield>
  <controlfield tag="005">20140828083410.0</controlfield>
  <controlfield tag="008">060701s2006||||xxu|||||s|||||000 | eng d</controlfield>
  <datafield tag="040" ind1=" " ind2=" ">
    <subfield code="a">PGUSA</subfield>
    <subfield code="b">eng</subfield>
  </datafield>
  <datafield tag="042" ind1=" " ind2=" ">
    <subfield code="a">dc</subfield>
  </datafield>
  <datafield tag="050" ind1=" " ind2="4">
    <subfield code="a">PN</subfield>
  </datafield>
  <datafield tag="245" ind1="1" ind2="4">
    <subfield code="a">The Wit and Humor of America, Volume III. (of X.)</subfield>
    <subfield code="h">[electronic resource]</subfield>
  </datafield>
  <datafield tag="260" ind1=" " ind2=" ">
    <subfield code="b">Project Gutenberg,</subfield>
    <subfield code="c">2006</subfield>
  </datafield>
  <datafield tag="505" ind1="0" ind2=" ">
    <subfield code="a">An Arkansas Planter, by Read -- The Auto Rubaiyat, by Kauffman -- A Ballade of the "How To" Books, by Davies -- The Bohemians of Boston, by Burgess -- The Courtin', by Lowell -- The Crimson Cord, by Butler -- The Diamond Wedding, by Stedman -- Dislikes, by Holmes -- A Dos't o' Blues, by Riley -- The Dying Gag, by Ford -- Elizabeth Eliza Writes a Paper, by Hale -- Garden Ethics, by Warner -- The Genial Idiot Suggests a Comic Opera, by Bangs -- Hans Breitmann's Party, by Leland -- The Hired Hand and "Ha'nts," by Laughlin -- In Elizabeth's Day, by Rice -- In Philistia, by Carman -- A Letter from Home, by Irwin -- The Little Mock-Man, by Riley -- Little Orphant Annie, by Riley -- Mammy's Lullaby, by Gillilan -- Maxioms, by Wells -- Morris and the Honorable Tim, by Kelly -- Mr. Stiver's Horse, by Bailey -- My First Visit to Portland, by Downing -- My Sweetheart, by Peck -- The New Version, by Lampton -- Our New Neighbors at Ponkapog, by Aldrich -- The Plaint of Jonah, by Burdette -- The Retort, by Morris -- The Rhyme of the Chivalrous Shark, by Irwin -- Rollo Learning to Read, by Burdette -- Selecting the Faculty, by Hall -- Southern Sketches, by Arp -- The Tower of London, by Ward -- A Traveled Donkey, by Taylor -- The Tree-Toad, by Riley -- The Two Automobilists, by Wells -- The Two Business Men, by Wells -- The Two Housewives, by Wells -- The Two Ladies, by Wells -- The Two Young Men, by Wells -- Uncle Simon and Uncle Jim, by Ward -- Wamsley's Automatic Pastor, by Crane -- Wild Animals I Have Met, by Wells.</subfield>
  </datafield>
  <datafield tag="506" ind1=" " ind2=" ">
    <subfield code="a">Public domain in the USA.</subfield>
  </datafield>
  <datafield tag="516" ind1=" " ind2=" ">
    <subfield code="a">Electronic text</subfield>
  </datafield>
  <datafield tag="653" ind1=" " ind2=" ">
    <subfield code="a">American literature -- Humor</subfield>
  </datafield>
  <datafield tag="653" ind1=" " ind2=" ">
    <subfield code="a">American wit and humor</subfield>
  </datafield>
  <datafield tag="700" ind1="1" ind2=" ">
    <subfield code="a">Wilder, Marshall Pinckney,</subfield>
    <subfield code="d">1859-1915</subfield>
  </datafield>
  <datafield tag="830" ind1=" " ind2="0">
    <subfield code="a">Project Gutenberg</subfield>
    <subfield code="v">18734</subfield>
  </datafield>
  <datafield tag="856" ind1="4" ind2="0">
    <subfield code="u">http://www.gutenberg.org/ebooks/18734</subfield>
  </datafield>
  <datafield tag="942" ind1=" " ind2=" ">
    <subfield code="c">EB</subfield>
  </datafield>
  <datafield tag="999" ind1=" " ind2=" ">
    <subfield code="c">247989</subfield>
    <subfield code="d">247989</subfield>
  </datafield>
  <datafield tag="952" ind1=" " ind2=" ">
    <subfield code="0">0</subfield>
    <subfield code="1">0</subfield>
    <subfield code="4">0</subfield>
    <subfield code="a">GTB</subfield>
    <subfield code="b">GTB</subfield>
    <subfield code="d">2014-08-28</subfield>
    <subfield code="l">0</subfield>
    <subfield code="r">2014-08-28 00:00:00</subfield>
    <subfield code="w">2014-08-28</subfield>
    <subfield code="y">EB</subfield>
  </datafield>
</record>
